One Word TV Shows (1990s) Quiz Stats

Quiz Updated Dec 22, 2015

Challenge
Share
Tweet
Score 0/24 Timer 05:00
3 Plays Today
% Correct
Poké
99.1%
Tele
99%
Dino
98.3%
Rug
97.7%
Futu
97.3%
Gar
96.9%
Goose
96.7%
MAD
93.7%
Fras
93.7%
Ani
93.5%
Dil
93.4%
News
93.4%
% Correct
Cat
93.3%
Blos
92.2%
Ar
91.2%
Wi
89.7%
Do
88.7%
Mar
86.4%
Fri
86.3%
El
86%
Feli
84.8%
Dar
82.2%
Char
78.4%
Moe
76.6%

You're not logged in!

Compare scores with friends on all Sporcle quizzes.
Sign Up with Email
OR
Log In

You Might Also Like...

Show Comments

Extras

Top Quizzes Today


Score Distribution

Your Account Isn't Verified!

In order to create a playlist on Sporcle, you need to verify the email address you used during registration. Go to your Sporcle Settings to finish the process.